000 00661nam a22002297a 4500
003 UA-OsUOA
001 32733
007 ta
008 20050210b un ||||| |||| 00| 0 ukr d
090 _a017.1
_bК53
942 _cBK
040 _aUA-OsUOA
_brus
_cUA-OsUOA
_dUA-OsUOA
245 _aКниги гражданской печати ХVIII века
_bКаталог книг, хранящихся в государственной публичной библиотеке украинсаой ССР
300 _a300 с.
955 _a0
041 _arus
080 _a017.1
260 _aК.
_c1956
044 _aRU
650 7 _2UDC
999 _c319184
_d319184